| 000 | 00716nam a22001937a 4500 | ||
|---|---|---|---|
| 003 | 0 | ||
| 005 | 20160609165953.0 | ||
| 008 | 101109t xxu||||| |||| 00| 0 eng d | ||
| 040 |
_aBUAC _cBEPAC |
||
| 100 |
_aAccoty , A. Arnaud _910544 |
||
| 130 |
_lfr _910545 |
||
| 245 | _aVariabilité du taux des lymphocytes CD4 et de la charge virale chez les personnes vivant avec le VIH sous traitement antiretroviral à l'Hôpital Saint Jean de Dieu de Tanguieta | ||
| 260 |
_aUAC-EPAC _bUAC-EPAC _c2007 |
||
| 300 | _aXXII-83p. | ||
| 650 |
_aLYMPHOCYTES CD4 _bVIH _910546 |
||
| 650 |
_aTRAITEMENT ANTIRETROVIRAL _bL'HÔPITAL SAINT JEAN DE DIEU DE TANGUIETA _910547 |
||
| 700 |
_aAhossouhe , N. Mariane _910548 |
||
| 942 | _cTHE | ||
| 999 |
_c48100 _d48100 |
||